Who bought Scotland? (Record no. 63158)

MARC details
000 -LEADER
fixed length control field 00896cam a2200253 4500
001 - CONTROL NUMBER
control field WB3615-06
008 - FIXED-LENGTH DATA ELEMENTS--GENERAL INFORMATION
fixed length control field 000000n2000 000 0 eng u
035 ## - SYSTEM CONTROL NUMBER
System control number (Sirsi) u105356
245 ## - TITLE STATEMENT
Title Who bought Scotland?
260 ## - PUBLICATION, DISTRIBUTION, ETC.
Date of publication, distribution, etc. 2000
490 ## - SERIES STATEMENT
Series statement Scotsman
Volume/sequential designation Supplement 7 April 2000; 10 April 2000; 11 April 2000; 12 April 2000 (LOAN)
520 ## - SUMMARY, ETC.
Summary, etc. 5 - 8 in an 8 part series reviewing recent Scottish property deals based on data held by the Registers of Scotland. Part 5 central Scotland and Tayside; Part 6 Fife and West Lothian; Part 7 Edinburgh suburbs and East Borders. See WB3614-07 for parts 1-4 of the series.
590 ## - LOCAL NOTE (RLIN)
Local note WB
650 ## - SUBJECT ADDED ENTRY--TOPICAL TERM
Topical term or geographic name entry element SCOTLAND
650 ## - SUBJECT ADDED ENTRY--TOPICAL TERM
Topical term or geographic name entry element PROPERTY TRANSACTIONS
650 ## - SUBJECT ADDED ENTRY--TOPICAL TERM
Topical term or geographic name entry element DEALS
650 ## - SUBJECT ADDED ENTRY--TOPICAL TERM
Topical term or geographic name entry element EDINBURGH
650 ## - SUBJECT ADDED ENTRY--TOPICAL TERM
Topical term or geographic name entry element FIFE
650 ## - SUBJECT ADDED ENTRY--TOPICAL TERM
Topical term or geographic name entry element WEST LOTHIAN
650 ## - SUBJECT ADDED ENTRY--TOPICAL TERM
Topical term or geographic name entry element LEITH
650 ## - SUBJECT ADDED ENTRY--TOPICAL TERM
Topical term or geographic name entry element TAYSIDE
690 ## - LOCAL SUBJECT ADDED ENTRY--TOPICAL TERM (OCLC, RLIN)
Topical term or geographic name as entry element PROPERTY-COMMERCIAL PROPERTY
942 ## - ADDED ENTRY ELEMENTS (KOHA)
Suppress in OPAC 0
Holdings
Withdrawn status Lost status Source of classification or shelving scheme Damaged status Not for loan Home library Current library Shelving location Date acquired Total Checkouts Full call number Barcode Date last seen Copy number Price effective from Koha item type
    Dewey Decimal Classification     London London News article 13/04/2000   WB3615-06 30054347 06/08/2019 1 06/08/2019 News article
    Dewey Decimal Classification     London London News article 14/04/2000   WB3615-06 30060898 06/08/2019 2 06/08/2019 News article
    Dewey Decimal Classification     London London News article 14/04/2000   WB3615-06 30060897 06/08/2019 3 06/08/2019 News article
    Dewey Decimal Classification     London London News article 14/04/2000   WB3615-06 30060896 06/08/2019 4 06/08/2019 News article